Spider-Man (1994) Characters - Statistics

General Stats
  • This quiz has been taken 34 times
  • The average score is 48 of 79
Answer Stats
Name or hint Answer % Correct
Superhero Hank McCoy Beast
100%
Superhero Felicia Hardy Black Cat
100%
Superhero Steve Rogers Captain America
100%
Villain Cletus Kasady Carnage
100%
Superhero Matt Murdock Daredevil
100%
Villain Otto Octavius Doctor Octopus
100%
Villain Norman Osborn Green Goblin
100%
Villain Harry Osborn Green Goblin
100%
Superhero Johnny Storm Human Torch
100%
Superhero Sue Storm Invisible Woman
100%
Superhero Tony Stark Iron Man
100%
Supporting cast The editor-in-chief of the Daily Bugle J. Jonah Jameson
100%
Villain Wilson Fisk Kingpin
100%
Villain Sergei Kravenoff Kraven the Hunter
100%
Villain Curt Connors Lizard
100%
Supporting cast Main protagonist's main love interest Mary Jane Watson
100%
Supporting cast Main protagonist's aunt May Parker
100%
Superhero Reed Richards Mr. Fantastic
100%
Villain Quentin Beck Mysterio
100%
Supporting cast Leader of the secret S.H.I.E.L.D. organization Nick Fury
100%
Superhero Charles Xavier Professor X
100%
Superhero Peter Parker Spider-Man
100%
Superhero Ben Grimm The Thing
100%
Villain Eddie Brock Venom
100%
Superhero Logan Wolverine
100%
Supporting cast Main protagonist's bully Flash Thompson
96%
Superhero Frank Castle Punisher
96%
Villain Adrian Toomes Vulture
96%
Superhero James Rhodes War Machine
96%
Supporting cast Main protagonist's late uncle Ben Parker
91%
Villain Michael Morbius Morbius
91%
Villain Mac Gargan Scorpion
91%
Supporting cast Main protagonist's late mother Mary Parker
83%
Supporting cast His astronaut son John Jameson
78%
Villain n/a Rhino
70%
Supporting cast Editor at Daily Bugle Robbie Robertson
70%
Villain Rheinholdt Kragov Electro
65%
Villain Jason Macendale Hobgoblin
65%
Villain n/a Shocker
65%
Supporting cast The creator of the main protagonist Stan Lee
61%
Superhero n/a Blade
57%
Villain Morris Bench Hydro-Man
57%
Supporting cast Cosmic entity who guides the main protagonist Madame Web
57%
Villain n/a Chameleon
52%
Superhero Hobie Brown Prowler
52%
Villain n/a Richard Fisk
52%
Supporting cast Main protagonist's late father Richard Parker
52%
Villain n/a Doctor Doom
48%
Superhero n/a Storm
48%
Villain Lonnie Lincoln Tombstone
48%
Superhero n/a Rogue
43%
Superhero n/a Doctor Strange
39%
Villain Peter Parker Spider-Carnage
35%
Villain n/a Alistair Smythe
30%
Villain n/a Dormammu
30%
Villain n/a Hammerhead
30%
Villain n/a Spencer Smythe
30%
Supporting cast Intergalactic entity Beyonder
26%
Villain Jackson Weele Big Wheel
26%
Supporting cast The wife of the mutated neogenics doctor Margaret Connors
26%
Villain n/a Silvermane
26%
Villain Jonathan Ohnn Spot
26%
Supporting cast The aunt of the former Anna Watson
22%
Villain n/a Baron Mordo
22%
Villain n/a Red Skull
22%
Supporting cast Main protagonist's competitor in science Debra Whitman
17%
Supporting cast Scientist who's an ally to the main protagonist Mariah Crawford
17%
Superhero Robert Farrell Rocket Racer
17%
Supporting cast Detective for NYPD Terry Lee
17%
Superhero Keane Marlow Destroyer
13%
Superhero Madelyn Joyce Miss America
13%
Superhero n/a Whizzer
13%
Villain n/a Alisha Silver
9%
Superhero Omar Mosley Black Marvel
9%
Villain n/a Herbert Landon
9%
Villain n/a Miles Warren
9%
Villain n/a Miriam the Vampire Queen
9%
Supporting cast Doctor of neogenics Farley Stillwell
4%
Superhero Jerry Carstairs Thunderer
4%
No matching quizzes found
Score Distribution
Percent of People with Each Score
Percentile by Number Answered
Your Score History
You have not taken this quiz